| 000 | 00389pab a2200157 454500 | ||
|---|---|---|---|
| 008 | 180718b2008 xxu||||| |||| 00| 0 eng d | ||
| 100 | _aVkinketm Nicholas | ||
| 245 | _aEnclosure, common right and the property of the poor | ||
| 260 | _c2008 | ||
| 300 | _ap.311-31. | ||
| 362 | _aSep | ||
| 650 | _aCommon markets | ||
| 773 | _aSocial and Legal Studies | ||
| 908 | _aN | ||
| 909 | _a80111 | ||
| 999 |
_c80111 _d80111 |
||